Catálogo
 En Linea

Actas del Congeso de Cúcuta, 1821 / (Registro nro. 22558)

Detalles MARC
000 -CABECERA
campo de control de longitud fija 01076nam a2200301 a 4500
001 - NÚMERO DE CONTROL
campo de control 000023061
003 - IDENTIFICADOR DEL NÚMERO DE CONTROL
campo de control OSt
005 - FECHA Y HORA DE LA ÚLTIMA TRANSACCIÓN
campo de control 20200930021949.0
008 - DATOS DE LONGITUD FIJA--INFORMACIÓN GENERAL
campo de control de longitud fija 101125s1989 ck r 000 0 spa d
020 ## - NÚMERO INTERNACIONAL ESTÁNDAR DEL LIBRO
Número Internacional Estándar del Libro 9586430006 (o. completa)
020 ## - NÚMERO INTERNACIONAL ESTÁNDAR DEL LIBRO
Número Internacional Estándar del Libro 9586431010 (t. dura)
020 ## - NÚMERO INTERNACIONAL ESTÁNDAR DEL LIBRO
Número Internacional Estándar del Libro 9586431029 (rustica)
040 ## - FUENTE DE LA CATALOGACIÓN
Centro catalogador/agencia de origen DO-SdBNP
Lengua de catalogación spa
Centro/agencia transcriptor BNPHU
082 ## - NÚMERO DE LA CLASIFICACIÓN DECIMAL DEWEY
Número de clasificación 986.1
Número de documento/Ítem A111ac
111 1# - ENTRADA PRINCIPAL--NOMBRE DE CONGRESO/REUNIÓN
Nombre de congreso/reunión o jurisdicción como elemento de entrada Colombia.
Sede del congreso/Lugar de la reunión Congreso
9 (RLIN) 47472
245 10 - MENCIÓN DE TÍTULO
Título Actas del Congeso de Cúcuta, 1821 /
Mención de responsabilidad, etc. Prólogo, Carlos Restrepo Piedrahita.
260 ## - PUBLICACIÓN, DISTRIBUCIÓN, ETC.
Lugar de publicación, distribución, etc. Bogotá :
Nombre del editor, distribuidor, etc. Biblioteca de la Presidencia de la República. Administración Virgilio Barco,
-- Fundación Francisco de Paula Santander
Fecha de publicación, distribución, etc. 1989.
300 ## - DESCRIPCIÓN FÍSICA
Extensión 3 v. ;
Dimensiones 24 cm.
490 1# - MENCIÓN DE SERIE
Mención de serie Documentos
Designación de volumen o secuencia 49-51
504 ## - NOTA DE BIBLIOGRAFÍA, ETC.
Nota de bibliografía, etc. Incluye referencias bibliográficas y notas al pie de las páginas.
590 ## - NOTA LOCAL (RLIN)
Nota local Inventariado, 2020/YL
650 #4 - PUNTO DE ACCESO ADICIONAL DE MATERIA--TÉRMINO DE MATERIA
Término de materia o nombre geográfico como elemento de entrada Congreso de cúcuta, 1821
9 (RLIN) 47473
651 #4 - PUNTO DE ACCESO ADICIONAL DE MATERIA--NOMBRE GEOGRÁFICO
Nombre geográfico Cúcuta (Colombia{Rpara}
9 (RLIN) 47474
700 12 - PUNTO DE ACCESO ADICIONAL--NOMBRE DE PERSONA
Nombre de persona Restrepo Piedrahita, Carlos
Término indicativo de función/relación prol.
9 (RLIN) 76676
830 #0 - PUNTO DE ACCESO ADICIONAL DE SERIE-TÍTULO UNIFORME
Título uniforme Documentos ;
Designación de volumen o secuencia 49-51
9 (RLIN) 1047
942 ## - ELEMENTOS DE PUNTO DE ACCESO ADICIONAL (KOHA)
Tipo de ítem Koha Libros y folletos
956 ## - LOCALIZACIÓN Y ACCESO ELECTRÓNICOS LOCAL (OCLC)
Nombre del host YLOCKWARD
Existencias
Estado de retiro Estado de pérdida Fuente del sistema de clasificación o colocación Restricciones de uso No para préstamo Código de colección Localización permanente Ubicación/localización actual Fecha de adquisición Fuente de adquisición Número de inventario Total de préstamos Signatura topográfica completa Código de barras Fecha visto por última vez Número de copia Precio válido a partir de Tipo de ítem Koha
    Dewey Decimal Classification Préstamo restringido Préstamo restrigido Monografías: Libros y Folletos General General 25.11.2010 Donación LF1   986.1 A111ac 23061-10 25.06.2020 v. 1 25.06.2020 No se presta
    Dewey Decimal Classification   Excluido de préstamo Monografías: Libros y Folletos General General 06.04.2017 Donación LF1   986.1 A111ac 23061-20 25.06.2020 v. 2 25.06.2020 No se presta
    Dewey Decimal Classification   Excluido de préstamo Monografías: Libros y Folletos General General 06.04.2017 Donación LF1   986.1 A111ac 23061-30 25.06.2020 v. 3 25.06.2020 Préstamo en sala

Con tecnología Koha